<?xml version="1.0" encoding="UTF-8"?>
<record
    xmlns:xsi="http://www.w3.org/2001/XMLSchema-instance"
    xsi:schemaLocation="http://www.loc.gov/MARC21/slim http://www.loc.gov/standards/marcxml/schema/MARC21slim.xsd"
    xmlns="http://www.loc.gov/MARC21/slim">

  <leader>01465nam a22002657a 4500</leader>
  <controlfield tag="005">20191224042223.0</controlfield>
  <controlfield tag="008">150917t2015    ck |||||r|||| 00| 0 spa d</controlfield>
  <datafield tag="020" ind1=" " ind2=" ">
    <subfield code="a">9789588902654</subfield>
  </datafield>
  <datafield tag="040" ind1=" " ind2=" ">
    <subfield code="a">CO-BoIAVH </subfield>
    <subfield code="c">CO-BoIAVH </subfield>
  </datafield>
  <datafield tag="041" ind1="0" ind2=" ">
    <subfield code="a">spa</subfield>
  </datafield>
  <datafield tag="044" ind1=" " ind2=" ">
    <subfield code="a">ck</subfield>
  </datafield>
  <datafield tag="082" ind1="0" ind2="4">
    <subfield code="a">307.77</subfield>
    <subfield code="b">P73p1</subfield>
  </datafield>
  <datafield tag="110" ind1="2" ind2=" ">
    <subfield code="a">Programa de las Naciones Unidas para el Desarrollo (PNUD)</subfield>
  </datafield>
  <datafield tag="245" ind1="1" ind2=" ">
    <subfield code="a">Mujeres de la Selva de Matav&#xE9;n</subfield>
    <subfield code="b">experiencias para la promoci&#xF3;n de su participaci&#xF3;n en la gobernanza ind&#xED;gena /</subfield>
    <subfield code="c">Programa de las Naciones Unidas para el Desarrollo</subfield>
  </datafield>
  <datafield tag="260" ind1=" " ind2=" ">
    <subfield code="a">Colombia:</subfield>
    <subfield code="b">Programa de las Naciones Unidas para el Desarrollo,</subfield>
    <subfield code="b">Acatisema,</subfield>
    <subfield code="b">Instituto de Investigaci&#xF3;n de Recursos Biol&#xF3;gicos Alexander von Humboldt,</subfield>
    <subfield code="b">Guiana Shield Facility,</subfield>
    <subfield code="c">2015.</subfield>
  </datafield>
  <datafield tag="300" ind1=" " ind2=" ">
    <subfield code="a">36 p&#xE1;ginas :</subfield>
    <subfield code="b">mapas y fotograf&#xED;as a color ;</subfield>
    <subfield code="c">23 cm</subfield>
  </datafield>
  <datafield tag="500" ind1=" " ind2=" ">
    <subfield code="a">Proyecto regional fondo para la conservaci&#xF3;n del Escudo Guyan&#xE9;s-GSF
Fortalecimiento de la gobernanza de las comunidades ind&#xED;genas de la Selva de Matav&#xE9;n para la toma de decisiones participativas orientadas a la conservaci&#xF3;n del medio ambiente y la biodiversidad.</subfield>
  </datafield>
  <datafield tag="504" ind1=" " ind2=" ">
    <subfield code="a">Incluye referencias bibliogr&#xE1;ficas (P&#xE1;gina 36).</subfield>
  </datafield>
  <datafield tag="650" ind1=" " ind2="4">
    <subfield code="a">Mujeres ind&#xED;genas</subfield>
  </datafield>
  <datafield tag="650" ind1=" " ind2="6">
    <subfield code="a">Mujeres ind&#xED;genas</subfield>
    <subfield code="x">gobernanza</subfield>
  </datafield>
  <datafield tag="650" ind1=" " ind2="6">
    <subfield code="a">Comunidades ind&#xED;genas</subfield>
    <subfield code="x">Territorio</subfield>
  </datafield>
  <datafield tag="650" ind1=" " ind2="4">
    <subfield code="a">Comunidades ind&#xED;genas</subfield>
    <subfield code="x">Organizaci&#xF3;n</subfield>
  </datafield>
  <datafield tag="651" ind1=" " ind2="4">
    <subfield code="a">Colombia</subfield>
    <subfield code="z">Vichada</subfield>
    <subfield code="z">Selva de Matav&#xE9;n</subfield>
  </datafield>
  <datafield tag="942" ind1=" " ind2=" ">
    <subfield code="2">ddc</subfield>
    <subfield code="c">Folleto</subfield>
    <subfield code="0">1</subfield>
  </datafield>
  <datafield tag="999" ind1=" " ind2=" ">
    <subfield code="c">17779</subfield>
    <subfield code="d">17779</subfield>
  </datafield>
  <datafield tag="952" ind1=" " ind2=" ">
    <subfield code="0">0</subfield>
    <subfield code="1">0</subfield>
    <subfield code="2">ddc</subfield>
    <subfield code="4">0</subfield>
    <subfield code="7">0</subfield>
    <subfield code="8">GENERAL</subfield>
    <subfield code="I">INV2017</subfield>
    <subfield code="a">Bogota</subfield>
    <subfield code="b">Bogota</subfield>
    <subfield code="d">2015-09-17</subfield>
    <subfield code="l">1</subfield>
    <subfield code="o">LB-307.77 P73p1</subfield>
    <subfield code="p">039241</subfield>
    <subfield code="r">2017-09-25 00:00:00</subfield>
    <subfield code="s">2017-08-22</subfield>
    <subfield code="t">Ej. 1</subfield>
    <subfield code="w">2015-09-17</subfield>
    <subfield code="x">Entregado</subfield>
    <subfield code="y">Folleto</subfield>
  </datafield>
  <datafield tag="952" ind1=" " ind2=" ">
    <subfield code="0">0</subfield>
    <subfield code="1">0</subfield>
    <subfield code="2">ddc</subfield>
    <subfield code="4">0</subfield>
    <subfield code="7">0</subfield>
    <subfield code="8">GENERAL</subfield>
    <subfield code="I">INV2017</subfield>
    <subfield code="a">Venado</subfield>
    <subfield code="b">Venado</subfield>
    <subfield code="d">2015-09-17</subfield>
    <subfield code="l">0</subfield>
    <subfield code="o">LB-307.77 P73p1</subfield>
    <subfield code="p">039242</subfield>
    <subfield code="r">2015-09-17 00:00:00</subfield>
    <subfield code="t">Ej. 2</subfield>
    <subfield code="w">2015-09-17</subfield>
    <subfield code="x">Entregado</subfield>
    <subfield code="y">Folleto</subfield>
  </datafield>
</record>
